Statistics for Biggest political parties in the world by membership

Click here to take the quiz!

General Stats

  • This quiz has been taken 34 times
  • The average score is 6 of 13

Answer Stats

Rank Country Members Year formed Answer % Correct
3USA44 million1828Democratic Part
97%
4USA32 million1854Republican Party
97%
2China90 million1921Communist Party of China
91%
8Vietnam4 million1930Communist Part of Vietnam
88%
11Brazil1.5 million1980Workers' Party of Brazil
53%
1India100-110 million1980Bharatiya Janata Party
47%
9North Korea3 million1949Workers' Party of Korea
41%
5India20-40 million1885Indian National Congress
32%
6Turkey10 million2001Adalet ve Kalkinma Partisi
32%
13Brazil1.1 million1981Brazilian Labour Party
21%
7Pakistan10.3 million1996Pakistan Tehreek-e-Insaf
9%
10Brazil2.1million1968Brazilian Democratic Movement
6%
12Brazil1.2 million1979Democratic Labour Party
3%

Score Distribution

Percentile by Number Answered

Percent of People with Each Score

Your Score History

You have not taken this quiz